000
00243nam a2200097Ia 4500
001
1126623
005
20250827004821.0
008
250824s9999 xx 000 0 und d
245
0
_a
KEDİM KAYBOLDU
_c
AYTÜL AKAL
260
_b
HEP KİTAP YAYINLARI
999
_c
1126623
_d
1126623